| 000 | 00347nam a22001457a 4500 | ||
|---|---|---|---|
| 003 | MACL | ||
| 005 | 20190621164207.0 | ||
| 008 | 190621b xxu||||| |||| 00| 0 eng d | ||
| 040 | _cMACL | ||
| 100 |
_aZeineddine,M.K. _975485 |
||
| 245 | _aAli B Abi Talib | ||
| 260 |
_aNew Delhi _bAuthorspress _c2016 |
||
| 650 |
_aStories _975486 |
||
| 942 |
_2ddc _cBK |
||
| 999 |
_c60212 _d60212 |
||